Design optimization of residential-sized air-source heat pumps /

Bibliographic Details
Main Author: Boecker, Curtis Layne, 1962-
Format: Thesis eBook
Language:English
Published: [Place of publication not identified] : [publisher not identified] ; 1987.
Subjects:
Online Access:Link to OAKTrust copy

MARC

Tag First Indicator Second Indicator Subfields
LEADER 00000cam a2200000 a 4500
001 in00000020496
005 20220103115014.0
007 cr unu a
008 880714s1987 xx a b 00010 eng d
035 |9 AAB3414AM 
035 |a (OCoLC)18214174 
040 |a TXA  |c TXA  |d UtOrBLW 
049 |a TXAZ [Also in] [Archives]  |c 1 [A12581522], 2 [A12581572] 
099 |a 1987  |a Thesis  |a B669 
100 1 |a Boecker, Curtis Layne,  |d 1962- 
245 1 0 |a Design optimization of residential-sized air-source heat pumps /  |c by Curtis Layne Boecker. 
264 1 |a [Place of publication not identified] :  |b [publisher not identified] ;  |c 1987. 
300 |a ix, 89 leaves :  |b illustrations ;  |c 29 cm. 
336 |a text  |b txt  |2 rdacontent 
337 |a computer  |b c  |2 rdamedia 
338 |a online resource  |b cr  |2 rdacarrier 
500 |a "Major subject: Mechanical Engineering." 
500 |a Typescript (photocopy). 
500 |a Vita. 
502 |b M.S.  |c Texas A&M University  |d 1987. 
504 |a Bibliography: leaves 66-67. 
530 |a Also available online. 
650 0 |a Heat exchangers  |x Mathematical models. 
650 0 |a Heat pumps. 
650 0 |a Refrigeration and refrigerating machinery. 
650 4 |a Major mechanical engineering. 
856 4 1 |u https://hdl.handle.net/1969.1/ETD-TAMU-1987-THESIS-B669  |z Link to OAKTrust copy  |t 0 
999 |a MARS 
999 f f |s a7174409-c5d5-3060-b4a3-d607a67a1669  |i 5047323c-e280-3491-8d62-3f3582888304  |t 0 
952 f f |p noncirc  |a Texas A&M University  |b J.J. Pickle Campus  |c High Density Repository  |s HDR  |d Remote Storage  |t 0  |e 1987 Thesis B669  |h Other scheme  |i computer -- online resource  |m A14839625826 
952 f f |a Texas A&M University  |b College Station  |c Electronic Resources  |s www_evans  |d Available Online  |t 0  |e 1987 Thesis B669  |h Other scheme 
998 f f |a 1987 Thesis B669  |t 0  |l Remote Storage 
998 f f |a 1987 Thesis B669  |t 0  |l Available Online